<?xml version="1.0" encoding="UTF-8"?>
<marc:record xmlns:marc="http://www.loc.gov/MARC21/slim">
   <marc:leader>00000nam a2200000 a 4500</marc:leader>
   <marc:datafield ind1=" " ind2=" " tag="653">
      <marc:subfield code="a">Trauma</marc:subfield>
   </marc:datafield>
   <marc:datafield ind1=" " ind2=" " tag="653">
      <marc:subfield code="a">Inklusion</marc:subfield>
   </marc:datafield>
   <marc:datafield ind1=" " ind2=" " tag="653">
      <marc:subfield code="a">Gehörlosenbildung</marc:subfield>
   </marc:datafield>
   <marc:datafield ind1=" " ind2=" " tag="653">
      <marc:subfield code="a">Traumasensible Unterrichtsgestaltung</marc:subfield>
   </marc:datafield>
   <marc:datafield ind1="0" ind2="0" tag="245">
      <marc:subfield code="a">Heilpädagogik; 2019/2/2019</marc:subfield>
   </marc:datafield>
   <marc:datafield ind1=" " ind2="1" tag="264">
      <marc:subfield code="b">Heilpädagogische Gesellschaft Österreich</marc:subfield>
      <marc:subfield code="c">2019</marc:subfield>
   </marc:datafield>
   <marc:datafield ind1="1" ind2=" " tag="490">
      <marc:subfield code="a">Heilpädagogik / Fachzeitschrift der Heilpädagogischen Gesellschaft Österreich</marc:subfield>
   </marc:datafield>
   <marc:datafield ind1="1" ind2=" " tag="520">
      <marc:subfield code="a">Höflich, Sabine: Weil Schule ein sicherer Ort für alle sein soll - Möglichkeiten traumasensibler Unterrichtsgestaltung, die für Schüler/innen und Pädagoginnen und Pädagogen gleichermaßen bedeutsam sind.
Stütz, Kurt: Leseunterricht für gehörlose Schülerinnen und Schüler - Didaktische Möglichkeiten im Unterricht.
Vysucek, Petr: Besondere Bildungsbedürfnisse von gehörlosen Schülerinnen/Schülern und Studierenden aus Sicht eines gehörlosen Sonderpädagogen.
Marc Willmann unter Mitarbeit von Yelda Kasap und Hanna Preuss: Inklusive Hilfen bei schulischen Verhaltensproblemen: eine empirische Studie zum System der Betreuungspädagogik in Oberösterreich Teil 1 - Deskriptive Ergebnisse.</marc:subfield>
   </marc:datafield>
</marc:record>
